000 00593nam a2200205Ia 4500
005 20250508154700.0
008 008 250505s9999 xx 000 0 eng d
037 _aTextual
040 _aFEDL
_beng
_cFEDL
041 _aeng
_2eng
084 _a025.3, MIT
_qFEDL
100 _aMittal R L
245 0 _aDictionary catalogue: A practical manual
260 _aDelhi, India
_bMetropolitan Book Company Private Limited
_c1966
300 _aix,503p
650 _aLibrary science
700 _a Gupta Shamsher
_9765858
942 _cTEXL
_h025.3, MIT
999 _c1351582
_d1351582